Cultura femenina : (estudi y orientacions) : conferències donades en l'Ateneu Barcelonès els dies 6, 13 y 20 d'abril de 1910 / Carme Karr (estudi y orientacions) :
Descripción Física:
169 p. ; 16 cm
MARC
| LEADER | 00000nam a2200000Ia 4500 | ||
|---|---|---|---|
| 001 | 19255 | ||
| 008 | 160829s1910 xx 000 0 cat d | ||
| 080 | |a RF-9-24 | ||
| 100 | 1 | |a Karr, Carme, |d 1865-1943 |9 47584 | |
| 245 | |a Cultura femenina : |b (estudi y orientacions) : |b conferències donades en l'Ateneu Barcelonès els dies 6, 13 y 20 d'abril de 1910 / Carme Karr | ||
| 260 | |a Barcelona : |b L'Avenç, |c 1910 | ||
| 300 | |a 169 p. ; |c 16 cm | ||
| 590 | |a Prové de 3405, exp. 9 | ||
| 650 | |a Drets de les dones |x Catalunya |x Congressos |9 47836 | ||
| 650 | |a Dones |x Condicions socials |x Congressos |9 47834 | ||
| 856 | 4 | |u https://media.diba.cat/diba/fitxers/arxiu/fulletons/bib_19255_1910_baixa.pdf |y Accés lliure | |
| 856 | 4 | |u https://media.diba.cat/diba/fitxers/arxiu/fulletons/bib_19255_1910_baixa.pdf |y Accés lliure | |
| 901 | |a Arxiu | ||
| 942 | |n 1 |2 udc | ||
| 952 | |0 0 |1 0 |4 0 |6 RF924 |7 1 |9 54143 |a Arxiu |b Arxiu |d 2016-12-01 |l 0 |o RF-9-24 |p 19255 |r 2016-12-01 00:00:00 |w 2016-12-01 |y ARXIU | ||
| 999 | |c 58012 |d 58012 | ||
| 900 | |a bib_19255_1910_baixa.pdf | ||